Ultimate Beatles Quiz - Statistics

General Stats
  • This quiz has been taken 38 times
  • The average score is 55 of 100
Answer Stats
Hint Answer % Correct
Member: Primary Songwriter, Rhythm Guitar, Main Vocalist John Lennon
100%
Member: Primary Songwriter, Bass Guitar, Main Vocalist Paul McCartney
100%
Member: Songwriter, Drums, Vocalist Ringo Starr
100%
Member: Songwriter, Lead Guitar, Vocalist George Harrison
96%
What city did The Beatles originate from? Liverpool
96%
What German city did The Beatles often play in during their early years? Hamburg
93%
Who was the original drummer before ultimately being fired for Ringo? Pete Best
89%
What year did Paul first meet John? 1957
85%
Which American folk singer is credited to introducing the band to marijuana? Bob Dylan
85%
Which famous guitarist plays the guitar solo on 'While My Guitar Gently Weeps'? Eric Clapton
85%
Where did The Beatles go to in early 1968 to study transcendental meditation? India
85%
John caused controversey by stating that the Beatles were "more popular than _____?" Jesus
85%
Who did John then go on to marry in 1969? Yoko Ono
85%
What is the name of The Beatles' first movie? A Hard Day's Night
81%
Which legendary producer produced most of the songs released by the band, and often dubbed "The Fifth Beatle"? George Martin
81%
What was the name of his son, who he had with her? Julian
81%
What year did The Beatles stop touring? 1966
78%
Which instrument first debuted in the song 'Norwegian Wood (This Bird Has Flown)'? Sitar
78%
What was the band called at this time? The Quarrymen
78%
What was it nicknamed due to it's blank cover? White Album
78%
What was The Beatles' 1968 animated movie? Yellow Submarine
74%
Who was The Beatles' manager from 1961 until his death in 1967? Brian Epstein
70%
What was the name of John's first wife, who he divorced in 1968? Cynthia
70%
Which US TV Show did The Beatles make their American debut on in 1964? Ed Sullivan Show
70%
What was the name of the song that Paul wrote for John's son to comfort him through his parent's divorce? Hey Jude
70%
What was the occupation of Rita in the song, 'Lovely Rita'? Meter Maid
70%
What is Ringo's real name? Richard Starkey
70%
Which 1967 release by the group is considered one of the best and most influential concept albums ever made? Sgt. Peppers Lonely Hearts Club Band
70%
What was the name of The Beatles' only double album, released in 1968? The Beatles
70%
Which Beatles song is said to be one of, if not the most covered song of all time? Yesterday
70%
What was the last recorded album by the band? Abbey Road
67%
What was The Beatles' first single, released in 1962? Love Me Do
67%
What year did the band officially break up? 1970
63%
What was the name of George's 1970 debut solo album? All Things Must Pass
63%
Which Beatles song is arguably one of the first ever heavy metal songs? Helter Skelter
63%
What was the first #1 Beatles song in the US? (1964) I Want To Hold Your Hand
63%
What was Ringo's only other written composition for the band, released on Abbey Road? Octopus's Garden
63%
Which infamous producer was brought on to produce The Beatles' Let It Be album? Phil Spector
63%
What is considered the best Beatles song of all time (featuring on Sgt. Peppers)? A Day In The Life
59%
What term is used to catch the craze over The Beatles? Beatlemania
59%
What was the name of their 1964 album, featuring songs like 'Mr. Moonlight' and 'No Reply'? Beatles For Sale
59%
What was George Harrison's cause of death in 2001? Cancer
59%
What is the band's famous nickname? Fab Four
59%
What was Paul's real first name? James
59%
Who was the first Beatle to leave the band for good? John
59%
What was the name of their 1966 album, featuring songs like 'Tomorrow Never Knows' and 'Here, There and Everywhere'? Revolver
59%
What was the name of the second Beatles album, released in late 1963? With The Beatles
59%
What was the name of the album, made up of all the band's number one songs? 1
56%
Which musician frequently played with the band during the Get Back sessions in 1969? Billy Preston
56%
What is the shortest Beatles song ever recorded and released? Her Majesty
56%
Who shot and killed John Lennon in 1980? Mark David Chapman
56%
Which Rubber Soul track contains lyrics, sung in French? Michelle
56%
Finish the lyric from the above, "And in the end, the love you take is equal to ________" "The love you make"
56%
What was George nicknamed due to his often shy behaviour? Quiet Beatle
52%
What was the name of Paul McCartney’s post-Beatles band? Wings
52%
What is the name of George's Indian inspired song on Sgt. Peppers? Within You Without You
52%
What is the most streamed Beatles song on Spotify? Here Comes the Sun
48%
What was the opening track of their first album? I Saw Her Standing There
48%
What was the name of the last Beatles song, released in 2023? Now and Then
48%
In 'Glass Onion', John claims that "The Walrus was ____"? Paul
48%
Which Beatles song did Frank Sinatra call, "the greatest love song of the last 50 years"? Something
48%
Who was the original bass guitarist of the band, who died tragically young in 1962? Stuart Sutcliffe
48%
What was the name of their 1969 soundtrack album, featuring songs like 'Hey Bulldog' and It's All Too Much'? Yellow Submarine
48%
The Beatles were one of many British bands to come over to, and find immense success in the US during the 1960s. What was this called? British Invasion
44%
What was George Harrison's first written composition for the band? Don't Bother Me
44%
What was Ringo Starr's first written composition for the band, released on the White Album? Don't Pass Me By
44%
Which song contains these lyrics:"Before this dance is through I think I'll love you too I'm so happy when you dance with me" I'm Happy Just To Dance With You
44%
Which traditional Liverpool folk song featured on the band's Let It Be album? Maggie Mae
44%
At the conclusion of their rooftop concert, John humourously quipped that "he hopes the band has ________"? "Passed the audition"
44%
What was the name of the project in the 1990s dedicated to documenting the history of the band? Anthology
41%
Paul was allegedly killed in 1966 and replaced by? Billy Shears
41%
What Beatles song was written for Mia Farrow’s sister during the band's time in India? Dear Prudence
41%
What is the name of the only Beatles instrumental song, credited to all four members? Flying
41%
Finish these lyrics: "Words are flowing out like endless rain into a _______" "Paper Cup"
41%
What is the longest Beatles song ever recorded and released? Revolution 9
41%
Which Beatles song is said to have been the last worked on collectively by all four members? The End
41%
What song did The Beatles perform on the first live, international satellite broadcast in 1967? All You Need Is Love
37%
Where was their last, paid concert? Candlestick Park
37%
What was the name of The Rolling Stones first hit song, written by John and Paul? I Wanna Be Your Man
37%
What band did Ringo leave to join the Beatles in 1962? Rory Storm and the Hurricanes
37%
Finish these lyrics: "Well, I'd rather see you _________ than to be with another man" "Dead Little Girl"
33%
What was the name of John's 1970 debut solo album? John Lennon/Plastic Ono Band
33%
What was the name of Paul's 1970 debut solo album? McCartney
33%
Which song contains these lyrics:"Yes, I'm lonely, wanna die If I ain't dead already Girl, you know the reason why" Yer Blues
33%
Which controversial figure took over management of the band in 1969, arguably leading to their eventual breakup? Allen Klein
30%
Which record company initially rejected the group, before they were eventually accepted by EMI? Decca
30%
Which song contains these lyrics:"Did she understand it when they said That a man must break his back To earn his day of leisure? Will she still believe it when he's dead?" Girl
30%
In which country were The Beatles heckled and manhandled during their world tour in 1966 due to angering the royal family? Philippines
30%
Finish these lyrics: "Turn off your mind, relax and _________" "Float Down Stream"
26%
At the end of 'Strawberry Fields Forever', John says "cranberry sauce". What is this sometimes misinterpreted as, shedding light on the Paul is dead theory? "I buried Paul"
26%
What does Ringo shout at the very end of 'Helter Skelter'? "I've got blisters on my fingers"
26%
What album/project did Paul McCartney spearhead in the early 2000s to rectify the Let It Be album's production problems? Let It Be Naked
26%
Which rooftop concert song had a false start due to Ringo putting out a cigarette? Dig A Pony
22%
What was the first #1 Beatles single in the UK? (1964) From Me To You
22%
What was the name of Ringo's 1970 debut solo album? Sentimental Journey
22%
What was the name of the first Beatles album released in the US? Introducing The Beatles
19%
What song did Paul play to get into the band Twenty Flight Rock
15%
What was George's first album released in 1968 (made for a movie soundtrack)? Wonderwall Music
15%
Who was the session drummer who filled in for Ringo Starr on 'Love Me Do'? Andy White
11%
Which drummer temporarily replaced Ringo for the band's first world tour in 1964? Jimmie Nicol
11%
No matching quizzes found
Score Distribution
Percent of People with Each Score
Percentile by Number Answered
Your Score History
You have not taken this quiz